000
00263nam a22001217a 4500
003
SGT
082
_a
616.462
_b
N96K
100
_a
KAPUR , ANIL
245
_a
NOVO NORDISK DIABTES UPDATE 96
260
_a
INDIA
_b
NOVO NORDISK
_c
1996
300
_a
124
942
_2
ddc
_c
BK
999
_c
14078
_d
14078